Normal view
MARC view
- Dewey, John,
Entry Nombre Personal
001 - NUMERO DE CONTROL
- campo de control: 28071
003 - IDENTIFICADOR DE NUMERO DE CONTROL
- campo de control: DLC
005 - FECHA Y HORA DE LA ÜLTIMA TRANSACCIÓN
- campo de control: 20231129094547.0
008 - DATOS DE LONGITUD FIJA
- campo de control de longitud fija: 790731n| azannaabn |b aaa
010 ## - NÚMERO DE CONTROL DE LA BIBLIOTECA DEL CONGRESO
- Número de control LC: n 79060532
035 ## - NUMERO DE CONTROL
- Número de control: (OCoLC)oca00293560
040 ## - FUENTE DE CATALOGACIÓN
- Agencia original de catalogación: DLC
- Lenguaje de catalogación: spa
- Agencia de transcripción: DLC
- Agencia que lo modifica: DLC
- Agencia que lo modifica: InU
- Agencia que lo modifica: GU
- Agencia que lo modifica: OCoLC
- Agencia que lo modifica: PPGratz
- Agencia que lo modifica: OCoLC
- Agencia que lo modifica: InU
- Agencia que lo modifica: DLC
- Agencia que lo modifica: InU
- Agencia que lo modifica: OCoLC
- Agencia que lo modifica: InU
- Agencia que lo modifica: MX-MxUPN
046 ## - FECHAS CON CODIFICACIÓN ESPECIAL
- Fecha de nacimiento: 18591020
- Fecha de muerte: 19520601
053 #0 - NÚMERO DE CLASIFICACIÓN LC
- Número de clasificación elemento-número único o número inicial de tramo: PS3507.E878
100 1# - ENCABEZAMIENTO - NOMBRE PERSONAL
- Nombre personal: Dewey, John,
- Fechas asociadas con el nombre: 1859-1952
670 ## - FUENTE EN LA QUE SE LOCALIZARON DATOS
- Cita de la fuente: Wikipedia, Feb. 13, 2013
- Información localizada: (John Dewey; b. Oct. 20, 1859; d. June 1, 1952; American philosopher, psychologist and educational reformer)
670 ## - FUENTE EN LA QUE SE LOCALIZARON DATOS
- Cita de la fuente: NDL Authorities, July 27, 2022
- Información localizada: (access point: Dewey, John, 1859-1952)
670 ## - FUENTE EN LA QUE SE LOCALIZARON DATOS
- Cita de la fuente: Filosofía de la educación, 1927:
- Información localizada: portada (John Dewey)
902 ## - CATALOGADOR
- Catalogador: Víctor Ruiz/281022
